000 00704cam a22002531 4500
001 693805
003 ARRUPE
005 20160323095407.0
008 881114s1965 nyua 000 0 eng
010 _a 65026729
035 _a(OCoLC)711657
035 _a(OCoLC)ocm00711657
035 _a(CStRLIN)NYCG88-B80226
035 _a(NNC)693805
040 _cDCL
050 0 _aPN2021.G78 1965
100 1 _aGuthrie, Tyrone,
_d1900-1971.
_923253
245 1 0 _aIn various directions:
_ba view of theatre.
_cby Guthrie, Tyrone
260 _aLondon
_bMichael Joseph
_c1965
300 _a221 p.;
_billus.
_c22 cm.
650 0 _aTheater.
_923254
_xAddresses
942 _2lcc
_cMONOGRAPH
999 _c124451
_d124451